[Event "Tourney For The New Year"]
[Site "SchemingMind.com"]
[Date "2022.01.09"]
[Round "-"]
[White "Bluto"]
[Black "ClogViking"]
[Result "0-1"]
[WhiteCountry "CAN"]
[BlackCountry "NOR"]
[WhiteElo "1160"]
[WhiteRD "71"]
[BlackElo "1700"]
[BlackRD "96"]
[GameID "719428"]

1. e4 d6 2. Nc3 Nf6 3. h3 Nbd7 4. d4 e5 5. d5 h6 6. f4 Nc5 7. f5 Ncxe4 8. Qf3 Nxc3 9. Qxc3 Bxf5 10. Nf3 Nxd5
11. Qb3 Nb6 12. Be3 Be7 13. Rd1 Bf6 14. Bc4 Nxc4 15. Qxc4 O-O 16. Nh4 Bxh4+ 17. Ke2 Bg5 18. Rdf1 d5 19. Qb3 Be4 20. Bc5 Re8
21. g3 Bxh1 22. Rxh1 b6 23. Be3 Bxe3 24. Kxe3 Qg5+ 25. Kf3 e4+ 26. Ke2 Rad8 27. g4 d4 28. Rd1 Qf4 29. g5 hxg5 30. Rf1 Qh2+
31. Kd1 Re7 32. c3 d3 33. Rf5 Qe2+ 34. Kc1 d2+ 35. Kb1 d1=R+ 36. Qxd1 Rxd1#
0-1

[Event "Tourney For The New Year"]
[Site "SchemingMind.com"]
[Date "2022.01.09"]
[Round "-"]
[White "ClogViking"]
[Black "Bluto"]
[Result "1-0"]
[WhiteCountry "NOR"]
[BlackCountry "CAN"]
[WhiteElo "1700"]
[WhiteRD "96"]
[BlackElo "1160"]
[BlackRD "71"]
[GameID "719429"]

1. e4 e5 2. Bc4 Qf6 3. Nf3 c6 4. Nc3 b5 5. Bb3 Ne7 6. d3 h6 7. O-O d6 8. h3 Bxh3 9. gxh3 g5 10. Nh2 h5
11. Qf3 Qg6 12. Bxf7+ Qxf7 13. Qxf7+ Kxf7 14. Bxg5 Rg8 15. h4 Kg6 16. Ne2 Bh6 17. Bxe7 Kf7+ 18. Kh1 Kxe7 19. f4 Nd7 20. f5 Nf6
21. Rg1 Ng4 22. Nxg4 hxg4 23. Ng3 Kf6 24. Rg2 d5 25. Rd1 dxe4 26. dxe4 Ke7 27. b4 a5 28. a3 Be3 29. Re2 Bh6 30. Rd3 Rh8
31. Re1 Bf4 32. Kg2 axb4 33. axb4 Ra4 34. c3 Rxh4 35. Rh1 Ra2+ 36. Kg1 Ra1+ 37. Kg2 Bxg3 38. Rxa1 Bf4 39. Ra7+ Ke8 40. Rdd7 Rh2+
41. Kf1 Be3 42. Rab7 Bf2 43. Rg7 g3 44. Rg8#
1-0

[Event "Tourney For The New Year"]
[Site "SchemingMind.com"]
[Date "2022.01.09"]
[Round "-"]
[White "ray winteringham"]
[Black "ClogViking"]
[Result "0-1"]
[WhiteCountry "ENG"]
[BlackCountry "NOR"]
[WhiteElo "1457"]
[WhiteRD "49"]
[BlackElo "1700"]
[BlackRD "96"]
[GameID "719430"]

1. e4 d6 2. d4 Nf6 3. Nc3 Nbd7 4. Be3 e5 5. f3 c6 6. Bc4 Be7 7. Nge2 Qc7 8. O-O h6 9. a3 b5 10. Bb3 Bb7
11. h3 O-O 12. Ng3 exd4 13. Bxd4 d5 14. Nf5 Bd6 15. Nxd6 Qxd6 16. Re1 dxe4 17. Nxe4 Nxe4 18. fxe4 c5 19. Bf2 Qxd1 20. Raxd1 Rad8
21. e5 c4 22. Ba2 a6 23. e6 fxe6 24. Rxe6 Nf6 25. b3 Rxd1+ 26. Kh2 Ng4+ 27. Kg3 Rxf2 28. hxg4 Rxg2+ 29. Kf4 Rf1+ 30. Ke5 Re2+
31. Kd6 Rxe6+ 32. Kxe6 Ra1 33. bxc4 Rxa2
0-1

[Event "Tourney For The New Year"]
[Site "SchemingMind.com"]
[Date "2022.01.09"]
[Round "-"]
[White "ClogViking"]
[Black "ray winteringham"]
[Result "0-1"]
[WhiteCountry "NOR"]
[BlackCountry "ENG"]
[WhiteElo "1700"]
[WhiteRD "96"]
[BlackElo "1457"]
[BlackRD "49"]
[GameID "719431"]

1. e4 c5 2. Nf3 Nc6 3. b4 cxb4 4. d4 e6 5. Bd3 h6 6. a3 bxa3 7. O-O Be7 8. c3 Nf6 9. Nxa3 O-O 10. Nc2 b6
11. Ne3 Bb7 12. e5 Nh7 13. Bxh7+ Kxh7 14. Ng4 g5 15. Qd3+ Kg7 16. h4 f5 17. exf6+ Bxf6 18. hxg5 hxg5 19. Nxf6 Qxf6 20. Bxg5 Qg6
21. Qxg6+ Kxg6 22. Rfe1 Rxf3 23. gxf3 Kxg5 24. Kf1 Ne7 25. Ke2 Kf4 26. Kd3 Bxf3 27. Rg1 Rg8 28. Rxg8 Nxg8 29. Rxa7 Bc6 30. Ra2 Nf6
31. Ke2 Ne4 32. Ra3 b5 33. Rb3 Nd6 34. Rb1 Bd5 35. Rc1 Bc4+ 36. Ke1 Ne4 37. Ra1 Nxc3 38. Ra7 d5 39. Re7 Kf5 40. Rf7+ Kg6
41. Rf3 b4 42. Kd2 Ne4+ 43. Kc2 b3+ 44. Kb2 Kg5 45. Rf8 Kg4 46. f3+ Kg3 47. fxe4 dxe4 48. Rc8 Bd5 49. Rc1 Kf3 50. Kc3 Kf2
51. Rb1 e3 52. Kd3 e2 53. Rb2 Kf3 54. Kd2 Bc4 55. Ke1 Ke4 56. Rd2 Ke3 57. Rb2 Kxd4
0-1

[Event "Tourney For The New Year"]
[Site "SchemingMind.com"]
[Date "2022.01.09"]
[Round "-"]
[White "albert0750"]
[Black "ClogViking"]
[Result "0-1"]
[WhiteCountry "POL"]
[BlackCountry "NOR"]
[WhiteElo "1529"]
[WhiteRD "89"]
[BlackElo "1700"]
[BlackRD "96"]
[GameID "719434"]

1. d4 d6 2. c4 Nf6 3. Nc3 Nbd7 4. Nf3 e5 5. dxe5 dxe5 6. e4 c6 7. Be2 Be7 8. O-O Qc7 9. Be3 h6 10. b3 b6
11. Qd2 g5 12. Rad1 Nf8 13. a4 Ng6 14. Qb2 Bd7 15. b4 Nf4 16. Bd3 Bg4 17. Be2 Nxe2+ 18. Qxe2 Be6 19. c5 Ng4 20. h3 Nxe3
21. Qxe3 g4 22. hxg4 Bxg4 23. Rd2 Rg8 24. Nh2 Be6 25. Rfd1 Bg5
0-1

[Event "Tourney For The New Year"]
[Site "SchemingMind.com"]
[Date "2022.01.09"]
[Round "-"]
[White "ClogViking"]
[Black "albert0750"]
[Result "1-0"]
[WhiteCountry "NOR"]
[BlackCountry "POL"]
[WhiteElo "1700"]
[WhiteRD "96"]
[BlackElo "1529"]
[BlackRD "89"]
[GameID "719435"]

1. e4 e5 2. Bc4 Nf6 3. d4 exd4 4. Nf3 Nc6 5. Ng5 d5 6. exd5 Nxd5 7. O-O Be6 8. Re1 Qd7 9. Nxf7 Kxf7 10. Qf3+ Kg8
11. Rxe6 Rd8 12. Bg5 Qxe6 13. Bxd8 Qe1+ 14. Bf1 Nde7 15. Qb3+
1-0